000 01956nam a2200289Ia 4500
008 130821s1886 fr gr fre
040 _aCo-BoUCM
_bspa
041 0 _afre
092 _aE20N023
100 1 _aConstant, Martha
242 0 0 _aTraducción del Título: Los filósofos y poetas moralistas del Imperio Romano
_cpor Marta Constant
_yspa
245 1 0 _aLes moralistes sous l'empire Romain. Philosophes et poètes
_cpar Constant Martha
246 1 3 _aTraducción del Título: Los filósofos y poetas moralistas del Imperio Romano
_cpor Marta Constant
260 _aParís (Francia)
_bLibrairie Hachette et Cie
_c1886
300 _aviii, 384 páginas
500 _aDetalles físicos: Encuadernación rígida en cartón duro forrado en tela texturizada. Lomo con tejuelo de piel color verde, letras y líneas decorativas en dorado. Guardas. Anteportada. Portada sencilla, impresa a una sola tinta. Texto impreso en una sola columna. Algunas notas de pie de página. Cortes decorados de color azul. Papel con algunas manchas. La anteportada empieza a desprenderse. Ejemplar en buen estado de conservación. En la portada un sello de tinta que dice: "El Colegio de Nuestra Señora del Rosario". En la guarda posterior un pequeño sello en inglés que dice: "Encuadernado por Mudie".
500 _aIncluye índice.
505 0 _aPrólogos. ; La moral práctica en las Cartas de Séneca. ; Un poeta estoico: Aulo Persio Flaco. ; La virtud estoica: Epicteto. ; Examen de conciencia de un Emperador romano: Marco Aurelio. ; La enseñanza moral popular: Dion Crisóstomo. ; La sociedad romana: Juvenal. ; El escepticismo religioso y filosófico: Luciano.
506 _aConsulta en sala.
546 _aTexto en francés y latín.
650 0 4 _aÉtica
650 0 4 _aFilosofía
_975
650 0 4 _aFilosofía
_xHistoria
_zRoma
_975
651 0 4 _aRoma (Italia)
_xFilósofos
942 _cLIBRO
_a2
_e1
_2DEWEY
_h171
999 _c37297
_d37297